000 00852nam a2200277Ia 4500
003 OSt
005 20221006160216.0
006 a|||||r|||| 00| 0
007 ta
008 221006b |||||||| |||| 00| 0 eng d
020 _a9780425236734
_c898.00
024 _a44,619
037 _bGift, Window on Korea
_cTextual
040 _aEASL
_cEASL
_beng
041 _2eng
_aeng
082 _aV495:1973,(zM).N53, Q0
100 _aRichardson William bill
_9672414
245 0 _aValleys of Death
_b A memoir of the Korean war
260 _aNew York
_bBerkeley Caliber Korea
_c2010
300 _a352p.
_ccm.
490 _v KEL
650 _a Korean war- Prisoners and prison
_9672415
650 _aKEL
942 _hV495:1973,(zM).N53, Q0
_cTEXL
_2CC
999 _c1112711
_d1112711